000 00372nam a2200157Ia 4500
008 230917s9999||||xx |||||||||||||| ||und||
020 _cRS200
040 _e6958
_aMAIN
041 _aEnglish
082 _a309 V99S
100 _avyas, P R
245 0 _aSocial amonities and regional development
260 _aJaipur
_bRawat
_c1991
300 _axv, 212 p.
942 _cBK
999 _c64725
_d64725